书目信息 |
| 题名: |
科技俄语阅读手册
|
|
| 作者: | 孙德本 , 王瑛 编著 | |
| 分册: | ||
| 出版信息: | 北京 测绘出版社 1989.12 |
|
| 页数: | 341页 | |
| 开本: | 26cm | |
| 丛书名: | ||
| 单 册: | ||
| 中图分类: | H35 | |
| 科图分类: | ||
| 主题词: | 俄语 | |
| 电子资源: | ||
| ISBN: | 7-5030-0266-2 | |
| 000 | 00625nam0 2200229 45 | |
| 001 | 0189023103 | |
| 005 | 20050425151944.5 | |
| 010 | @a7-5030-0266-2@dCNY11.00 | |
| 020 | @aCN@b89023103 | |
| 100 | @a19910905d1989 m y0chiy0120 ea | |
| 101 | 0 | @achi |
| 102 | @aCN@b110000 | |
| 105 | @ay z 000yy | |
| 200 | 10 | @a科技俄语阅读手册@Ake ji e yu yue du shou ce@f孙德本,王瑛编著@FSun De Ben,Wang Ying Bian Zhu |
| 210 | @a北京@c测绘出版社@d1989.12 | |
| 215 | @a341页@d26cm | |
| 606 | 0 | @a俄语 |
| 690 | @aH35@v3 | |
| 701 | 0 | @a孙德本@4编著 |
| 701 | 0 | @a王瑛@4编著 |
| 801 | 0 | @aCN@bNLC@c19910905 |
| 905 | @dH35@e112@f1@b231274 | |
| 科技俄语阅读手册/孙德本,王瑛编著.-北京:测绘出版社,1989.12 |
| 341页;26cm |
| ISBN 7-5030-0266-2:CNY11.00 |
| ● |
| 相关链接 |
|
|
|
|
正题名:科技俄语阅读手册
索取号:H35/112
 
预约/预借
| 序号 | 登录号 | 条形码 | 馆藏地/架位号 | 状态 | 备注 |
| 1 | 0231273 | 001061406 | 第二样本阅览室/ [索取号:H35/112] | 在馆 | |
| 2 | 0231274 | 001061399 | 第四借阅区/ [索取号:H35/112] | 在馆 |